The Longest Quiz Stats

 Plays Quiz Updated Sep 21, 2018

Score 0/26 Timer 07:00
0 Plays Today
The longest... Answer % Correct
river - worldThe Nile
86.7%
human boneFemur
78.3%
planetary orbitNeptune
73.3%
U.S. state (by coastline)Alaska
72.2%
serving U.S. presidentFranklin D. Roosevelt
71.7%
mountain range - U.S.The Rocky Mountains
70.9%
land mammal gestation periodAfrican Elephant
59.6%
country (by coastline)Canada
58.8%
Harry Potter bookHarry Potter and the Order of the Phoenix
52.7%
river - U.S.The Mississippi River
48.3%
running game show - U.S.The Price is Right
47.4%
venomous snakeKing Cobra
47%
Jeopardy championKen Jennings
44.6%
The longest... Answer % Correct
mountain range (exposed) - worldThe Andes Mountains
40.9%
MLB hitting streak (player)Joe DiMaggio
33.1%
Broadway showThe Phantom of the Opera
30.7%
book in the BiblePsalms
26.7%
French king reignLouis XIV
25.1%
bird (by wingspan)Wandering Albatross
25%
ears - dogBloodhound
19.9%
Russian Czar reignPeter the Great
18.7%
song to reach #1 on BillboardAmerican Pie
15.9%
nerve in the Human BodyThe Sciatic nerve
11.1%
running TV show - U.S.Meet the Press
8.2%
serving popePius IX
3.1%
constellationHydra 'The Water Snake'
2.2%

You're not logged in!

Compare scores with friends on all Sporcle quizzes.
OR
Log In

Sporcle TV

Today on Sporcle TV


Watch our educational content, quiz creation guides, and fun videos on Sporcle TV.

Show Comments

Extras

Top Quizzes Today


Score Distribution

Your Account Isn't Verified!

In order to create a playlist on Sporcle, you need to verify the email address you used during registration. Go to your Sporcle Settings to finish the process.

Report this User

Report this user for behavior that violates our Community Guidelines.

Details: